Digital image display: Algorithms and implementation

Gespeichert in:
Bibliographische Detailangaben
1. Verfasser: Gheorghe Berbecel
Format: Buch
Sprache:Undetermined
Veröffentlicht: Chilchester, England John Wiley and Sons 2003
Schlagworte:
Tags: Tag hinzufügen
Keine Tags, Fügen Sie den ersten Tag hinzu!
Thư viện lưu trữ: Trung tâm Học liệu Trường Đại học Cần Thơ
LEADER 00504nam a2200157Ia 4500
001 CTU_56312
008 210402s9999 xx 000 0 und d
082 |a 621.3815'442 
100 |a Gheorghe Berbecel 
245 0 |a Digital image display: Algorithms and implementation 
245 0 |c Gheorghe Berbecel 
260 |a Chilchester, England 
260 |b John Wiley and Sons 
260 |c 2003 
650 |a information display systems,imaging systems 
980 |a Trung tâm Học liệu Trường Đại học Cần Thơ